000 00294 a2200109 4500
001 ART_47358
005 20260410161744.0
008 260409a
245 1 0 _aTrabajadores mineros
100 1 _aFormaro, Juan J.
773 0 _tDoctrina laboral
_g- NÂș 311 (jul. 2011)
_wREV4049
999 _c19027
_d19027